Govt. of
Madhya Pradesh

Guru Nanak Dev Ji As Communicator Par Excellence (Record no. 68451)

MARC details
000 -LEADER
fixed length control field 00283nam a22001097a 4500
082 ## - DEWEY DECIMAL CLASSIFICATION NUMBER
Classification number 294
100 ## - MAIN ENTRY--AUTHOR NAME
Personal name Dr.Dalvinder Singh Grewal
245 ## - TITLE STATEMENT
Title Guru Nanak Dev Ji As Communicator Par Excellence
260 ## - PUBLICATION, DISTRIBUTION, ETC. (IMPRINT)
Place of publication Grugram
Name of publisher Earth Vision Pub.
Year of publication 2022
650 ## - SUBJECT ADDED ENTRY--TOPICAL TERM
Topical Term Religion
942 ## - ADDED ENTRY ELEMENTS (KOHA)
Koha item type Books
Holdings
Withdrawn status Lost status Damaged status Not for loan Home library Current library Date acquired Cost, normal purchase price Full call number Accession Number Price effective from Koha item type
        MACL MACL 26/11/2025 1050.00 294 CRE040321 26/11/2025 Books